Les 50 Meilleurs Joueurs Français sur FC 25 (Fifa 25) - Statistiques

Statistiques générales
  • Ce quiz a été pris 774 fois
  • Le résultat moyen est 36 sur 50
Statistiques - réponses
Poste Equipe Général Réponse % Correct
BU / AG Real Madrid 91 Kylian Mbappe
100%
BU Atletico de Madrid 88 Antoine Griezmann
99%
Gardien AC Milan 87 Mike Maignan
97%
AD / MOC PSG 86 Ousmane Dembele
97%
DG / MG AC Milan 87 Theo Hernandez
97%
DC Arsenal 87 William Saliba
97%
BU Al Ittihad 86 Karim Benzema
96%
DC / DG PSG 83 Lucas Hernandez
96%
DD / DC FC Barcelone 85 Jules Kounde
95%
MDC / MC Al Ittihad 85 N'Golo Kante
95%
MDC / MC / DC Real Madrid 85 Aurelien Tchouameni
94%
MC / MDC / DG Real Madrid 83 Eduardo Camavinga
93%
DG Real Madrid 84 Ferland Mendy
90%
DC Liverpool 83 Ibrahim Konate
90%
BU Los Angeles 83 Olivier Giroud
89%
DC / DD Inter Milan 84 Benjamin Pavard
88%
BU Inter Milan 83 Marcus Thuram
88%
AG / AD PSG 80 Bradley Barcola
86%
MG / MD FC Bayern 84 Kingsley Coman
86%
MD / AD / MOC FC Bayern 82 Michael Olise
85%
MOC / BU Chelsea 84 Christopher Nkunku
84%
BU OL 82 Alexandre Lacazette
83%
DC FC Bayern 82 Dayot Upamecano
82%
Gardien RC Lens 82 Brice Samba
80%
Gardien LOSC 80 Lucas Chevalier
78%
Gardien West Ham 81 Alphonse Areola
76%
BU PSG 82 Randal Kolo Muani
76%
DC PSG 81 Presnel Kimpembe
74%
MC / MDC PSG 80 Warren Zaire-Emery
72%
DD Chelsea 80 Malo Gusto
68%
MD / BU / MOC Al Ittihad 83 Moussa Diaby
68%
MC / MOC Lazio 80 Matteo Guendouzi
67%
DC Como 82 Raphael Varane
65%
MDC / MC Aston Villa 82 Boubacar Kamara
63%
MC / MG Atletico de Madrid 80 Thomas Lemar
63%
MOC / MC Montpellier 80 Teji Savanier
62%
MDC / MC AC Milan 81 Youssouf Fofana
60%
BU Crystal Palace 79 Jean-Philippe Mateta
57%
MC / MDC Sans Club 83 Adrien Rabiot
54%
DD / MD OGC Nice 80 Jonathan Clauss
54%
MDC / MC LOSC 80 Benjamin Andre
50%
DD FC Bayern 79 Sacha Boey
46%
DC / DD Chelsea 79 Axel Disasi
45%
DC / DD Al Nassr 80 Mohamed SImakan
41%
MG / AG Fenerbahce 80 Allan Saint-Maximin
39%
BU / MG Bayer Leverkusen 79 Martin Terrier
39%
DC RB Leipzig 79 Castello Lukeba
38%
DD / DC Bayer Leverkusen 79 Nordi Mukiele
37%
DC West Ham 80 Jean-Clair Todibo
36%
MC / MDC OL 80 Jordan Veretout
31%
Aucun quiz correspondant
Distribution des résultats
% des personnes avec chaque résultat
Percentile par nombre de réponses
Votre historique - résultats
Vous n’avez pas pris ce quiz